000 00505nam a2200133Ia 4500
008 170516s9999 xx 000 0 und d
245 _aTeleWound care – providing remote wound assessment and treatment in the home care setting: current status and future directions
260 _bSmart Homecare Technology and TeleHealth
260 _c2013
300 _a1:
650 _xMedical Technology
650 _xMedtech
856 _uhttps://www.dovepress.com/smart-homecare-technology-and-telehealth-i844-j140
999 _c330822
_d330822